| 000 | 00649nam a2200217 4500 | ||
|---|---|---|---|
| 001 | 108977 | ||
| 003 | ES-MaACL | ||
| 005 | 20230906184743.0 | ||
| 007 | t| | ||
| 008 | 061121s1984 sp r ||||1| spa d | ||
| 020 | _a84-206-2393-8 | ||
| 100 | 1 |
_aMoya, Carlos. _9184026 |
|
| 245 | 1 | 0 |
_aSeñas de Leviatán. Estado nacional y sociedad industrial _b: España 1936-1980. |
| 260 |
_aMadrid : _bAlianza, _c1984. |
||
| 300 |
_a356 p. ; _c20 cm. |
||
| 490 | 1 |
_aAlianza universidad ; _v393 |
|
| 830 | 0 |
_aAlianza universidad ; _v393 _9177276 |
|
| 852 |
_aES-MaACL _jL-12021 _bR.114074 |
||
| 852 |
_aES-MaACL _jL-6585 _bR.107191 |
||
| 999 |
_c108977 _d108977 |
||